01255nam a2200277 a 4500001001000000003000900010005001700019007000300036008004100039020001800080040002500098082002800123100003400151245020800185246007400393260004800467300003900515500007500554504003300629546003400662650005200696650006600748650004800814650006200862700005300924000029291DO-SdBNP20230313143917.0ta110414t2010 dr a frcn 000 0dspa d a9789945002621 aDO-SdBNPbspacBNPHU 4aR 575.460216bP144x2221 aPaíno Perdomo, Omar,b1972-10aXylon :bcatálogo sobre las colecciones de maderas de La Española = Catalogue of wood collections in La Española /cOmar Paíno Perdomo ; prefacio y traducción, Linda M. Rodríguez Guglielmoni.11aXylon :bcatálogo sobre las colecciones de maderas de La Española aSanto Domingo :bL. Debus & Söhne,c2010. a134 p. :bilustraciones ;c24 cm. aIncluye datos biográficos del autor en las solapas de las cubiertas. aBibliografía : p. 133-134. aTexto en español e inglés 4aMaderazLa Española (Isla{Rpara}xCatálogos 4aÁrboles maderableszLa Española (Isla{Rpara}xCatálogos 4aMaderazRepública DominicanaxCatálogos 4aÁrboles maderableszRepública DominicanaxCatálogos1 aRodríguez Guglielmoni, Linda M.,etraducción